Introducción al razonamiento lógico matemático (Registro nro. 6422)

Detalles MARC
000 -Cabecera
Campo de control de longitud fija 00800ata a2200337 4500
005 - Fecha y hora de la última transacción
Campo de control 20251107194740.0
008 - Elementos de longitud fija--Información general
Campo de control de longitud fija 150716b2014 xxu||||| |||| 00| 0 spa d
020 ## - International Standard Book Number
Número Internacional Estándar del Libro (ISBN) 9789968463355
041 ## - Idioma
Código de idioma Español
082 ## - Clasificación Decimal Dewey
Número de clasificación 511.307 V184i
100 ## - Entrada principal--Autor personal
Nombre personal Valverde Fallas, Luis
9 (RLIN) 41210
245 ## - Título propiamente dicho
Título Introducción al razonamiento lógico matemático
260 ## - Pie de imprenta
Lugar de publicación, distribución, etc. Costa Rica
260 ## - Pie de imprenta
Nombre del editor, distribuidor, etc. EUCR
260 ## - Pie de imprenta
Fecha de publicación, distribución, etc. 2014
300 ## - Descripción física
Extensión 185 páginas
490 ## - Serie
Título de la Serie Temática General
650 ## - Materia general
Temática (materia general) LÓGICA SÍMBOLICA
650 ## - Materia general
Temática (materia general) MATEMÁTICA
650 ## - Materia general
Temática (materia general) CÁLCULO
650 ## - Materia general
Temática (materia general) PROBLEMAS
650 ## - Materia general
Temática (materia general) OPERADORES BOOLEANOS
650 ## - Materia general
Temática (materia general) TEORÍA DE CONJUNTOS
650 ## - Materia general
Temática (materia general) TABLAS DE VERDAD
942 ## - Punto de acceso adicional KOHA
Tipo de ítem KOHA Libro
Fuente del sistema de clasificación o colocación Dewey Decimal Classification
Existencias
Signatura completa Código de barras Programa Académico Tipo de ítem
511.307 V184i 21697   Libro